[Event "Let's Play 902"]
[Site "http://www.queenalice.com/game.php?id=1869479"]
[Date "2026.2.21"]
[Round "-"]
[White "digger"]
[Black "Ticovi"]
[Result "0-1"]
[WhiteElo "1663"]
[BlackElo "1632"]

1. d4 d5 2. e3 a6 3. Nf3 Nf6 4. Be2 Nc6 5. c3 Bf5 6. Bd3 Bxd3 7. Qxd3 e6 8. O-O
Qd6 9. a3 Be7 10. b3 O-O-O 11. c4 Na5 12. cxd5 exd5 13. Ne5 Rdf8 14. Nd2 Nc6 15.
Qf5+ Kb8 16. Nxc6+ Qxc6 17. a4 g6 18. Qf4 Ne4 19. Rd1 Qc2 20. Qf3 Bb4 21. Nxe4
dxe4 22. Bd2 exf3 23. Bxb4 Rd8 24. gxf3 Qxb3 25. Be1 Rd5 26. Rdb1 Rg5+ 27. Kh1
Qd3 28. Bb4 Qe2 29. h4 Qxf3+ 30. Kh2 Qg2# 0-1

[Event "Challenge"]
[Site "http://www.queenalice.com/game.php?id=1869501"]
[Date "2026.2.19"]
[Round "-"]
[White "Ticovi"]
[Black "EduardoRo"]
[Result "0-1"]
[WhiteElo "1621"]
[BlackElo "1502"]

1. d4 d6 2. Nc3 Bf5 3. e4 Bg6 4. Nf3 Nf6 5. Bd3 e5 6. d5 Nbd7 7. Be3 Be7 8. h3
O-O 9. g4 c5 10. a3 Nb6 11. Qe2 a6 12. b4 cxb4 13. axb4 Qc7 14. Qd2 Nc4 15. Bxc4
Qxc4 16. Rb1 Bxe4 17. Nxe4 Nxe4 18. Qe2 Qc3+ 19. Bd2 Qxc2 20. O-O Nxd2 21. Qxd2
Qxd2 22. Nxd2 b5 23. Rfc1 Bg5 24. Rd1 Rac8 25. Ne4 Be7 26. Rdc1 Rc4 27. Nd2 Rd4
28. Rb2 Bg5 29. Nf3 f6 30. Nxg5 fxg5 31. Rc6 Rxd5 32. Rxa6 e4 33. Rb3 Rd1+ 34.
Kg2 Rc8 35. Ra2 Rcc1 36. f3 Rg1+ 37. Kf2 Rcf1+ 38. Ke2 Re1+ 39. Kf2 Rgf1+ 40.
Kg2 Rxf3 41. Rxf3 exf3+ 42. Kxf3 g6 43. Rd2 Re6 44. Rd5 h6 45. Rxb5 Kf7 46. Rd5
Ke7 47. Rd1 Re5 48. Rb1 d5 49. b5 Kd7 50. b6 Kc8 51. b7+ Kb8 52. Rb6 d4 53. Rd6
Re3+ 54. Kf2 Kxb7 55. Rxd4 Rxh3 56. Rd6 Kc7 57. Rxg6 Kd7 58. Kg2 Rh4 59. Kg3 Ke7
60. Ra6 Kf7 61. Rb6 Kg7 62. Rc6 Rh1 63. Kg2 Rd1 64. Kf3 Rd3+ 65. Kg2 Rd4 66. Kg3
Rf4 67. Rd6 Rf6 68. Rd7+ Kg6 69. Rd2 h5 70. gxh5+ Kxh5 71. Rd4 Kg6 72. Kg4 Re6
73. Kg3 Kf5 74. Rg4 Re3+ 75. Kf2 Re4 76. Rg1 Rf4+ 77. Ke3 g4 78. Rg3 Kg5 79. Rg1
Rf3+ 80. Ke2 Kf4 81. Ke1 g3 82. Rg2 Ra3 83. Ke2 Ke4 84. Ke1 Kf3 85. Kf1 Ra1# 0-1

[Event "AUTO-OPEN-4640"]
[Site "http://www.queenalice.com/game.php?id=1869638"]
[Date "2026.2.22"]
[Round "1"]
[White "Ticovi"]
[Black "MarcosT"]
[Result "0-1"]
[WhiteElo "1649"]
[BlackElo "2087"]

1. e4 e5 2. Nf3 Nf6 3. Nc3 Bc5 4. Nxe5 Nc6 5. Nxc6 dxc6 6. Bc4 Qd4 7. Qe2 O-O 8.
d3 Bg4 9. f3 Bh5 10. Be3 Qxe3 11. Qxe3 Bxe3 12. Ke2 Bd4 13. g4 Bg6 14. h4 h6 15.
Rh3 b5 16. Bb3 Rfe8 17. Rah1 Rad8 18. g5 Nh5 19. Kd2 Nf4 20. Rg3 h5 21. Nd1 a5
22. c3 Ba7 23. d4 Ne6 24. Bxe6 Rxe6 25. Nf2 Red6 26. Kd3 c5 27. d5 Rxd5+ 28. Ke2
Rd2+ 29. Kf1 Rxb2 0-1

[Event "AUTO-OPEN-4640"]
[Site "http://www.queenalice.com/game.php?id=1869667"]
[Date "2026.2.22"]
[Round "1"]
[White "zubarev"]
[Black "Ticovi"]
[Result "1-0"]
[WhiteElo "1932"]
[BlackElo "1642"]

1. e4 e5 2. Nf3 Nc6 3. Nc3 a6 4. d3 h6 5. Be2 Nf6 6. O-O Bc5 7. Kh1 d6 8. h3 Bd7
9. Be3 Bxe3 10. fxe3 Qe7 11. d4 Nh5 12. Qe1 Nb4 13. Qd2 Ng3+ 14. Kg1 Nxf1 15.
Rxf1 Qf6 16. a3 Nc6 17. Nxe5 Qg5 18. Nxf7 Qe7 19. Nxh8 O-O-O 20. Nf7 Rf8 21. Bh5
Be8 22. Qf2 Kb8 23. Nd5 Qe6 24. Qf5 Qxf5 25. Rxf5 Kc8 26. Nxd6+ Kd7 27. Rxf8
Bxh5 28. Nf5 g6 29. Nxh6 g5 30. Rf7+ 1-0

[Event "AUTO-OPEN-4640"]
[Site "http://www.queenalice.com/game.php?id=1869668"]
[Date "2026.2.22"]
[Round "1"]
[White "Ticovi"]
[Black "zubarev"]
[Result "0-1"]
[WhiteElo "1647"]
[BlackElo "1927"]

1. e4 e5 2. Nf3 Nc6 3. Bb5 d6 4. Bxc6+ bxc6 5. Nc3 Be7 6. d3 Nf6 7. h3 O-O 8.
Bd2 Be6 9. Qe2 Rb8 10. b3 Ne8 11. O-O-O f5 12. g3 Bf6 13. h4 a5 14. Ng5 Qd7 15.
h5 h6 16. Nxe6 Qxe6 17. f4 d5 18. exf5 Qxf5 19. Rde1 d4 20. Ne4 Nd6 21. Nc5 Rbe8
22. g4 Qc8 23. f5 Qd8 24. Ne6 Qe7 25. Nxf8 Rxf8 26. Bxa5 Ra8 27. Qd2 Nb5 28. Bb4
c5 29. Ba5 Bg5 0-1

[Event "AUTO-INT-3961"]
[Site "http://www.queenalice.com/game.php?id=1869687"]
[Date "2026.2.24"]
[Round "1"]
[White "Ticovi"]
[Black "jenyasm"]
[Result "1-0"]
[WhiteElo "1650"]
[BlackElo "1695"]

1. e4 e5 2. Nf3 Nc6 3. Bb5 d6 4. Bxc6+ bxc6 5. Nc3 Bb7 6. d3 h6 7. Bd2 Ne7 8.
Qe2 Qd7 9. h3 O-O-O 10. g4 g5 11. O-O-O a6 12. Be3 c5 13. b3 Nc6 14. Nd5 Bg7 15.
Nd2 Nb4 16. Nxb4 cxb4 17. f3 a5 18. Nc4 f6 19. d4 exd4 20. Bxd4 Bc6 21. Nxa5 Bb5
22. Qe3 Bf8 23. Bxf6 Bg7 24. Bxd8 Qxd8 25. Qa7 Kd7 26. Nb7 Qa8 27. Nxd6 Qxa7 28.
Nxb5+ Kc6 29. Nxa7+ Kb6 30. Rd7 Be5 31. Rhd1 Kxa7 32. R1d5 Bd6 33. R5xd6 1-0

[Event "AUTO-INT-3961"]
[Site "http://www.queenalice.com/game.php?id=1869689"]
[Date "2026.2.24"]
[Round "1"]
[White "Ticovi"]
[Black "digger"]
[Result "1-0"]
[WhiteElo "1697"]
[BlackElo "1617"]

1. e4 e5 2. Nf3 d6 3. Bc4 Qf6 4. Nc3 h6 5. g3 Bg4 6. Be2 Nc6 7. Nd5 Qd8 8. h3
Be6 9. d3 Qd7 10. Be3 Bxd5 11. exd5 Nce7 12. c4 f5 13. O-O e4 14. dxe4 fxe4 15.
Nh2 g6 16. Qd4 Qf5 17. Qxh8 Nf6 18. Bxh6 Nh5 19. Ng4 O-O-O 20. Bxf8 Rxf8 21. Qd4
b6 22. Ne3 Qe5 23. Qd2 g5 24. Bxh5 Rh8 25. Bg4+ Kb8 26. Qc3 Qxc3 27. bxc3 Re8
28. h4 gxh4 29. gxh4 Rh8 30. h5 Ng8 31. f3 exf3 32. Rxf3 Kb7 33. Rf8 a6 34. Raf1
b5 35. R1f7 Nh6 36. Rxh8 Nxf7 37. Re8 Ng5 38. Kg2 Nf7 39. Nf5 bxc4 40. h6 Kb6
41. h7 Kc5 42. Rf8 Ne5 43. h8=Q Ng6 44. Qd4+ Kb5 45. Rb8+ Ka5 46. Qxc4 Nf4+ 47.
Qxf4 c5 48. Qxd6 Ka4 49. Qxa6# 1-0

[Event "AUTO-INT-3961"]
[Site "http://www.queenalice.com/game.php?id=1869690"]
[Date "2026.2.24"]
[Round "1"]
[White "digger"]
[Black "Ticovi"]
[Result "0-1"]
[WhiteElo "1646"]
[BlackElo "1668"]

1. e4 e5 2. d4 d6 3. d5 Nf6 4. Nc3 a6 5. a3 Nbd7 6. Be2 Nc5 7. Nf3 Ncxe4 8. O-O
Nxc3 9. bxc3 b5 10. c4 bxc4 11. Bxc4 Be7 12. Bg5 h6 13. Be3 O-O 14. a4 a5 15.
Qe1 Bb7 16. Bd2 c6 17. dxc6 Bxc6 18. Bb3 Qd7 19. Bxa5 Rfc8 20. Qd2 Bxf3 21. gxf3
Qh3 22. Bb4 Rd8 23. a5 Qxf3 24. Qe3 Qg4+ 25. Qg3 Qxb4 26. Ra4 Qb5 27. Rh4 Kf8
28. f3 Rxa5 29. Qg2 Nd5 30. Re4 f5 31. Ree1 Qc5+ 32. Kh1 Ne3 33. Rf2 Nxg2 34.
Rxg2 Qc3 35. Rf1 Rda8 36. f4 Ra1 37. Rxa1 Rxa1+ 38. Rg1 Qf3# 0-1